Podział administracyjny Indonezji - Statystyki

Ogólne statystyki
  • Ten quiz został rozwiązany 26 razy
  • Średni wynik to 11 z 38
Statystyki odpowiedzi
Prowincje % Poprawnych
Bali
73%
Sumatra Północna
60%
Sumatra Południowa
53%
Sumatra Zachodnia
53%
Borneo Północne
47%
Borneo Środkowe
47%
Celebes Południowy
47%
Jawa Wschodnia
47%
Jawa Zachodnia
47%
Aceh
40%
Borneo Południowe
40%
Borneo Wschodnie
40%
Borneo Zachodnie
40%
Celebes Północny
40%
Celebes Środkowy
33%
Celebes Zachodni
33%
Dżakarta
33%
Jawa Środkowa
33%
Lampung
33%
Papua
33%
Gorontalo
27%
Moluki
27%
Riau
27%
Yogyakarta
27%
Bengkulu
20%
Jambi
20%
Małe Wyspy Sundajskie Wschodnie
20%
Małe Wyspy Sundajskie Zachodnie
20%
Papua Zachodnia
20%
Banten
13%
Celebes Południowo-Wschodni
13%
Papua Środkowa
13%
Wyspy Riau
13%
Moluki Północne
7%
Papua Południowa
7%
Papua Górska
0%
Papua Południowo-Zachodnia
0%
Wyspy Bangka i Belitung
0%
Nie znaleziono quizów pasujących do podanych kryteriów
Rozkład punktacji
Procent ludzi z każdym wynikiem
Percentyl według liczby udzielonych odpowiedzi
Twoja historia wyników
Nie rozwiązałeś tego quizu